[Event "AUTO-MASTER-2245"]
[Site "http://www.queenalice.com/game.php?id=1340213"]
[Date "2015.2.9"]
[Round "1"]
[White "adilsonig"]
[Black "dadge"]
[Result "1-0"]
[WhiteElo "2100"]
[BlackElo "2139"]

1. e4 c5 2. Nf3 d6 3. Bc4 e6 4. d4 cxd4 5. Nxd4 a6 6. O-O Nf6 7. Bg5 Be7 8. Re1
O-O 9. a3 b5 10. Ba2 Bb7 11. Nc3 Nbd7 12. Bxe6 fxe6 13. Nxe6 Qb6 14. Nxf8 Rxf8
15. Be3 Qc7 16. Bd4 Ne5 17. h3 Nc6 18. Bxf6 Bxf6 19. Nd5 Qf7 20. Nxf6+ Qxf6 21.
Qd5+ Kh8 22. Qf5 Ne5 23. Qxf6 Rxf6 24. b3 g5 25. Re3 h5 26. Rae1 Kg7 27. Rc3 Bc6
28. Ree3 Kf7 29. f3 h4 30. Kh2 Ke6 31. Re1 Kd7 32. Rce3 Kc7 33. Rc1 Kb6 34. c4
bxc4 35. bxc4 Kc5 36. Rcc3 Ba4 37. Kg1 a5 38. Kf2 Bc6 39. Ke2 a4 40. Rc1 Bd7 41.
Kf2 Be6 42. Rec3 Bxc4 43. Ke3 d5 44. exd5 Kxd5 45. Rd1+ Kc5 46. Ke4 Rf4+ 47.
Kxe5 1-0

[Event "AUTO-MASTER-2245"]
[Site "http://www.queenalice.com/game.php?id=1340238"]
[Date "2015.2.9"]
[Round "1"]
[White "miltonlovisk"]
[Black "adilsonig"]
[Result "1-0"]
[WhiteElo "1950"]
[BlackElo "2117"]

1. e4 e5 2. a3 Bc5 3. Nf3 d5 4. exd5 Qxd5 5. Nc3 Qe6 6. Bb5+ c6 7. Ba4 Nf6 8.
O-O O-O 9. Bb3 Qd6 10. d3 Bg4 11. h3 Bh5 12. g4 Bg6 13. Qe2 Bb6 14. Qxe5 Bc7 15.
Qxd6 Bxd6 16. Re1 Nbd7 17. Ne4 Nxe4 18. dxe4 Rfe8 19. Nd2 Nc5 20. f3 Nxb3 21.
Nxb3 f6 22. c3 h5 23. Kg2 hxg4 24. hxg4 Kf7 25. Be3 b6 26. Nd4 Rac8 27. Rad1 Ke7
28. g5 Kd7 29. Re2 Re5 30. Bf4 Ree8 31. Nb3 Re6 32. e5 fxe5 33. Rxe5 Bc2 34.
Rxe6 1-0

[Event "AUTO-MASTER-2245"]
[Site "http://www.queenalice.com/game.php?id=1340239"]
[Date "2015.2.9"]
[Round "1"]
[White "adilsonig"]
[Black "miltonlovisk"]
[Result "1/2-1/2"]
[WhiteElo "2113"]
[BlackElo "1927"]

1. e4 e5 2. Nf3 Nc6 3. Bb5 Qf6 4. a3 Nge7 5. c3 a6 6. Ba4 b5 7. Bb3 Bb7 8. O-O
Ng6 9. d4 h6 10. Be3 exd4 11. cxd4 Nf4 12. Nc3 Na5 13. Ba2 Ng6 14. Rc1 Nc6 15.
Nd5 Qd8 16. Qb3 d6 17. Nb6 Qe7 18. Nxa8 Bxa8 19. Qd5 Qd7 20. Rfd1 Bb7 21. e5 Nd8
22. Qb3 d5 23. Bb1 c6 24. Bxg6 fxg6 25. Qd3 Qf5 26. Qxf5 gxf5 27. Nh4 Bc8 28.
Ng6 Rg8 29. Nxf8 Rxf8 30. Bd2 Bd7 31. Re1 Ne6 32. Bc3 g5 33. Re3 f4 34. Rh3 Rh8
35. g4 f3 36. Rxf3 Nf4 37. Re3 Bxg4 38. Kf1 Rf8 39. Bd2 Nh3 40. Be1 Kd7 41. Kg2
Nf4+ 42. Kg3 h5 43. f3 Bf5 44. Rcc3 Ne6 45. h4 gxh4+ 46. Kxh4 Bg6 47. Bg3 Nxd4
48. f4 Nf5+ 49. Kg5 Ne7 50. Rc1 Rg8 51. Rec3 Be8+ 52. Kh4 Rg4+ 53. Kh3 Ke6 54.
Rf1 Bd7 55. b4 Nf5 56. Rd3 Kf7 57. Rff3 Rg6 58. Kh2 h4 59. Bf2 Be6 60. Rc3 Bd7
61. Rcd3 1/2-1/2

[Event "AUTO-MASTER-2959"]
[Site "http://www.queenalice.com/game.php?id=1613282"]
[Date "2020.5.22"]
[Round "1"]
[White "adilsonig"]
[Black "jpribeiro"]
[Result "1-0"]
[WhiteElo "2117"]
[BlackElo "1975"]

1. d4 Nf6 2. c4 g6 3. e3 Bg7 4. Be2 O-O 5. Nf3 d6 6. Nc3 Re8 7. e4 b6 8. O-O Bb7
9. Qc2 Nbd7 10. h3 c5 11. d5 1-0

[Event "AUTO-MASTER-2959"]
[Site "http://www.queenalice.com/game.php?id=1613295"]
[Date "2020.5.22"]
[Round "1"]
[White "Rutty"]
[Black "adilsonig"]
[Result "0-1"]
[WhiteElo "2117"]
[BlackElo "2145"]

1. e4 c5 2. Nf3 e6 3. d4 cxd4 4. Nxd4 Nc6 5. Nc3 Nf6 6. Nxc6 bxc6 7. Bd3 e5 8.
O-O Be7 9. b3 O-O 10. Bb2 d5 11. exd5 cxd5 12. Qe2 e4 13. Bb5 Qb6 14. Na4 Qb7
15. Nc3 a6 16. Ba4 d4 17. Nd1 Rd8 18. h3 Qc7 19. Bc1 a5 20. Nb2 Rd5 21. Nc4 Bc5
22. Bd2 Bxh3 23. gxh3 d3 24. cxd3 Qg3+ 25. Kh1 Qxh3+ 26. Kg1 Ng4 27. Bf4 Rg5 0-1

[Event "AUTO-MASTER-2959"]
[Site "http://www.queenalice.com/game.php?id=1613296"]
[Date "2020.5.22"]
[Round "1"]
[White "adilsonig"]
[Black "Rutty"]
[Result "1-0"]
[WhiteElo "2133"]
[BlackElo "2129"]

1. d4 d5 2. Nf3 Nf6 3. c4 c6 4. cxd5 cxd5 5. Nc3 Nc6 6. Bf4 a6 7. Rc1 Bg4 8. e3
e6 9. a3 Bd6 10. h3 Bh5 11. g4 Bxf4 12. exf4 Bg6 13. Bg2 O-O 14. O-O b5 15. Ne5
Rc8 16. f5 exf5 17. Nxd5 Nxe5 18. Rxc8 Qd7 19. Rxf8+ Kxf8 20. Nb6 Qd8 21. dxe5
Qxb6 22. exf6 gxf6 23. gxf5 Bxf5 24. Qh5 1-0

[Event "AUTO-MASTER-2959"]
[Site "http://www.queenalice.com/game.php?id=1613305"]
[Date "2020.5.22"]
[Round "1"]
[White "adilsonig"]
[Black "dazzeechain"]
[Result "1-0"]
[WhiteElo "2156"]
[BlackElo "1943"]

1. d4 d5 2. Nf3 e6 3. Bf4 Nf6 4. a3 Bd6 5. e3 Bxf4 6. exf4 O-O 7. g3 Ne4 8. Bg2
c5 9. dxc5 Nxc5 10. O-O Nc6 11. Nc3 Qf6 12. Rb1 b6 13. Re1 Ba6 14. Ne2 Rad8 15.
Ned4 Nxd4 16. Qxd4 Qf5 17. Rbc1 Rc8 18. Nh4 Qf6 19. Qxf6 gxf6 20. f5 Rce8 21.
Bf3 Nd7 22. fxe6 fxe6 23. Bh5 Re7 24. Nf5 exf5 25. Rxe7 Ne5 26. Rxa7 Bc4 27. f4
Ng6 28. Rb7 d4 29. Rxb6 Ne7 30. Bf3 Nd5 31. Rd6 Ne3 32. Rxd4 1-0

[Event "AUTO-MASTER-2959"]
[Site "http://www.queenalice.com/game.php?id=1613306"]
[Date "2020.5.22"]
[Round "1"]
[White "dazzeechain"]
[Black "adilsonig"]
[Result "0-1"]
[WhiteElo "1999"]
[BlackElo "2125"]

1. e4 c5 2. Nf3 e6 3. Bc4 d5 4. exd5 exd5 5. Bb5+ Nc6 6. O-O Be6 7. Ne5 Rc8 8.
Re1 Bd6 9. Nxc6 bxc6 10. Ba4 Qh4 11. g3 Qxa4 12. Qh5 Kd7 13. b3 Qd4 14. Nc3 Nf6
15. Qf3 h5 16. h4 Ng4 17. Re2 Ne5 18. Qe3 Qg4 19. Qf4 Nf3+ 0-1

[Event "AUTO-MASTER-2971"]
[Site "http://www.queenalice.com/game.php?id=1618948"]
[Date "2020.7.2"]
[Round "1"]
[White "adilsonig"]
[Black "Artking"]
[Result "1-0"]
[WhiteElo "2202"]
[BlackElo "2026"]

1. d4 Nf6 2. c4 g6 3. Nc3 Bg7 4. e4 d6 5. Nf3 Nbd7 6. Be3 c6 7. Nd2 e5 8. d5 c5
9. a3 a5 10. h3 O-O 11. Be2 Kh8 12. h4 h5 13. Nb5 Nb6 14. b4 axb4 15. axb4 Rxa1
16. Qxa1 cxb4 17. Qa7 Nbd7 18. Nxd6 Ng4 19. Bxg4 hxg4 20. h5 Kg8 21. h6 Bf6 22.
h7+ Kh8 23. c5 Bh4 24. Bh6 Qf6 25. Bxf8 Qxf2+ 26. Kd1 Nxc5 27. Nxf7+ Qxf7 28.
Qxc5 b3 29. Rxh4 Qf2 30. Bg7+ 1-0

[Event "AUTO-MASTER-2971"]
[Site "http://www.queenalice.com/game.php?id=1618949"]
[Date "2020.7.2"]
[Round "1"]
[White "Artking"]
[Black "adilsonig"]
[Result "0-1"]
[WhiteElo "2036"]
[BlackElo "2195"]

1. e4 c5 2. Nf3 e6 3. d4 cxd4 4. Nxd4 Nc6 5. Be3 Nf6 6. Nc3 Bb4 7. f3 d5 8. Nxc6
bxc6 9. e5 Nd7 10. f4 O-O 11. Qd3 c5 12. Bd2 c4 13. Qf3 Rb8 14. Be2 Ba5 15. O-O
Rxb2 16. g4 Bb7 17. Qh3 Bb6+ 18. Be3 d4 19. Na4 Rxc2 20. Nxb6 Rxe2 21. Nxd7 Rxe3
22. Nf6+ gxf6 23. Qh6 Qd5 0-1

[Event "AUTO-MASTER-2971"]
[Site "http://www.queenalice.com/game.php?id=1618950"]
[Date "2020.7.2"]
[Round "1"]
[White "adilsonig"]
[Black "clovis"]
[Result "1-0"]
[WhiteElo "2179"]
[BlackElo "2030"]

1. d4 d5 2. c4 c6 3. cxd5 cxd5 4. Bf4 Nc6 5. e3 Bf5 6. Qb3 e6 7. Qxb7 Qc8 8. Ba6
Bxb1 9. Rxb1 Bb4+ 10. Kd1 Nge7 11. a3 Ba5 12. b4 Bb6 13. Qxc8+ Rxc8 14. Bxc8 1-0

[Event "AUTO-MASTER-2971"]
[Site "http://www.queenalice.com/game.php?id=1618951"]
[Date "2020.7.2"]
[Round "1"]
[White "clovis"]
[Black "adilsonig"]
[Result "0-1"]
[WhiteElo "2039"]
[BlackElo "2187"]

1. e4 c5 2. Nf3 e6 3. d4 cxd4 4. Nxd4 Nc6 5. Nc3 Nf6 6. Bg5 h6 7. Bh4 Bb4 8. Nb5
g5 9. Bg3 Nxe4 10. Be2 Nxg3 11. hxg3 d5 12. Qd3 Bf8 13. O-O-O Bg7 14. Bg4 a6 15.
Na3 O-O 16. Rh5 b5 17. Nab1 b4 18. Ne2 Ne5 19. Qd2 Nc4 0-1

[Event "AUTO-MASTER-2971"]
[Site "http://www.queenalice.com/game.php?id=1618952"]
[Date "2020.7.2"]
[Round "1"]
[White "adilsonig"]
[Black "pomar"]
[Result "1-0"]
[WhiteElo "2162"]
[BlackElo "2066"]

1. d4 e6 2. Nc3 d5 3. e4 c5 4. Bb5+ Nc6 5. exd5 exd5 6. dxc5 d4 7. Qe2+ Be6 8.
Ne4 Qd5 9. Nh3 Bxc5 10. Nf4 Qf5 11. Ng3 Qf6 12. Ngh5 Qe7 13. Nxg7+ Kd7 14. O-O
Qf6 15. Bxc6+ bxc6 16. Qa6 Ne7 17. Qb7+ Kd6 18. Nfh5 Qg6 19. Bf4+ Kd5 20. Qb3+
1-0

[Event "AUTO-MASTER-2971"]
[Site "http://www.queenalice.com/game.php?id=1618953"]
[Date "2020.7.2"]
[Round "1"]
[White "pomar"]
[Black "adilsonig"]
[Result "0-1"]
[WhiteElo "2054"]
[BlackElo "2171"]

1. f3 e5 2. Kf2 d5 3. e3 Nc6 4. g3 h5 5. Bh3 f5 6. d4 h4 7. g4 fxg4 8. Bxg4 Bxg4
9. fxg4 h3 10. dxe5 Qh4+ 11. Kf1 Nxe5 12. Qxd5 Nxg4 13. Qf3 O-O-O 14. Nxh3 Bb4
15. Kg2 Ne5 16. Qg3 Qe4+ 17. Kg1 Rd1+ 18. Kf2 Qxh1 19. Qxe5 Qf1+ 20. Kg3 Qxh3+
0-1

[Event "AUTO-MASTER-2971"]
[Site "http://www.queenalice.com/game.php?id=1625475"]
[Date "2020.8.31"]
[Round "2"]
[White "adilsonig"]
[Black "punk"]
[Result "1-0"]
[WhiteElo "2242"]
[BlackElo "2100"]

1. e4 c5 2. g3 d6 3. Bg2 Nc6 4. c3 e5 5. Ne2 Nf6 6. d4 Be7 7. d5 Nb8 8. c4 Na6
9. O-O Bd7 10. f4 Nc7 11. fxe5 Ng4 12. exd6 Bxd6 13. Qb3 Rb8 14. Bf4 Ne5 15. Nd2
O-O 16. Bxe5 Bxe5 17. Nf3 f6 18. Nxe5 fxe5 19. Rxf8+ Qxf8 20. Rf1 Qe7 21. Nc1 b6
22. Nd3 b5 23. a4 b4 24. Qc2 1-0

[Event "AUTO-MASTER-2971"]
[Site "http://www.queenalice.com/game.php?id=1625476"]
[Date "2020.8.31"]
[Round "2"]
[White "punk"]
[Black "adilsonig"]
[Result "0-1"]
[WhiteElo "2089"]
[BlackElo "2250"]

1. d4 e6 2. g3 d5 3. Bg2 c5 4. c3 Nf6 5. Nf3 Nc6 6. O-O Qb6 7. e3 Be7 8. Nbd2
O-O 9. Qc2 a5 10. a4 Qc7 11. b3 Rd8 12. Ba3 b6 13. Rac1 Ba6 14. Rfe1 Rac8 15.
Qb1 Bb7 16. e4 dxe4 17. Ng5 cxd4 18. Bxe7 Qxe7 19. Ndxe4 Nxe4 20. Qxe4 Qxg5 21.
h4 Qe7 22. cxd4 Nxd4 23. Qxb7 Qxb7 0-1

[Event "AUTO-MASTER-2971"]
[Site "http://www.queenalice.com/game.php?id=1625477"]
[Date "2020.8.31"]
[Round "2"]
[White "adilsonig"]
[Black "CCapivara"]
[Result "1-0"]
[WhiteElo "2209"]
[BlackElo "2164"]

1. e4 d6 2. d4 Nf6 3. f3 c6 4. c4 Qc7 5. Be3 e5 6. Nc3 Be7 7. g4 O-O 8. Nge2
Bxg4 9. fxg4 Nxg4 10. Bg1 Bh4+ 11. Ng3 h5 12. Bh3 exd4 13. Bxd4 d5 14. Bxg4
Bxg3+ 15. hxg3 Qxg3+ 16. Kd2 hxg4 17. Qe2 dxe4 18. Nxe4 Qf4+ 19. Kc3 Qf3+ 20.
Qxf3 gxf3 21. Nf6+ 1-0

[Event "AUTO-MASTER-2971"]
[Site "http://www.queenalice.com/game.php?id=1625478"]
[Date "2020.8.31"]
[Round "2"]
[White "CCapivara"]
[Black "adilsonig"]
[Result "1/2-1/2"]
[WhiteElo "2153"]
[BlackElo "2220"]

1. e4 c5 2. Nf3 Nc6 3. d4 cxd4 4. Nxd4 Nf6 5. Nc3 e5 6. Ndb5 d6 7. Bg5 a6 8. Na3
b5 9. Nd5 Qa5+ 10. Bd2 Qd8 11. Bg5 Be7 12. Bxf6 Bxf6 13. c3 Bg5 14. Nc2 Bd7 15.
Nce3 O-O 16. Be2 Ne7 17. O-O Bc6 18. Nxe7+ Qxe7 19. Nf5 Qf6 20. Bf3 Rfd8 21. Qd3
g6 22. Ne3 Bxe3 23. Qxe3 d5 24. exd5 Bxd5 1/2-1/2

[Event "AUTO-MASTER-2959"]
[Site "http://www.queenalice.com/game.php?id=1627753"]
[Date "2020.9.22"]
[Round "2"]
[White "adilsonig"]
[Black "ivansm"]
[Result "0-1"]
[WhiteElo "2268"]
[BlackElo "2231"]

1. d4 d6 2. Nf3 g6 3. e4 Bg7 4. c3 Nc6 5. Bd3 Nf6 6. h3 O-O 7. O-O a6 8. Re1 Bd7
9. Nbd2 e6 10. Nf1 Qc8 11. Ng3 Ne7 12. Bf4 Ne8 13. Qd2 b5 14. Rac1 c5 15. Bf1
Bc6 16. dxc5 dxc5 17. b3 Qb7 18. Ne5 Bxe5 19. Bxe5 Qd7 20. Qxd7 Bxd7 21. Bf4 Rc8
22. c4 b4 23. Red1 Bc6 24. Be3 Ba8 25. Rd7 Rc7 26. Rxc7 Nxc7 27. Bxc5 Re8 28.
Bd6 f5 29. exf5 exf5 0-1

[Event "AUTO-MASTER-2959"]
[Site "http://www.queenalice.com/game.php?id=1627754"]
[Date "2020.9.22"]
[Round "2"]
[White "ivansm"]
[Black "adilsonig"]
[Result "0-1"]
[WhiteElo "2210"]
[BlackElo "2257"]

1. e4 c5 2. Nf3 e6 3. Nc3 a6 4. a4 d5 5. exd5 exd5 6. d3 Nf6 7. Bg5 Be6 8. h3 h6
9. Bh4 Nc6 10. Be2 Bd6 11. Qd2 g5 12. Bg3 Bxg3 13. fxg3 Nh5 14. g4 Ng3 15. Rg1
Qc7 16. O-O-O d4 17. Ne4 Nxe4 18. dxe4 b5 19. b3 bxa4 20. bxa4 Nb4 21. c4 dxc3
22. Qd6 Qb7 23. Qxc5 Na2+ 24. Kc2 Qxe4+ 25. Bd3 Qxa4+ 26. Kb1 Qb3+ 0-1